Théorie des incitations et nouvelles formes de réglementation.

Rozhodujúca úloha nabádania dosiaľ nebola prítomná v ekonomike. Tradičné teórie a nová ekonomika riadenia. Riadenie maximálnymi cenami. Teoretické zhodnotenie. Realita mechanizmov maximálnych cien. Liberalizácia a privatizácia. Nástroje konkurencie. (Communications et stratégies 1992, č.4).

Gespeichert in:
Bibliographische Detailangaben
1. Verfasser: Laffont, Jean-Jacques
Format: Buchkapitel
Sprache:Französisch
Schlagworte:
Tags: Tag hinzufügen
Keine Tags, Fügen Sie das erste Tag hinzu!

MARC

LEADER 00000naa a2200000 4500
001 r009722
005 20220913125245.5
041 0 |a fre 
044 |a FR 
245 1 0 |a Théorie des incitations et nouvelles formes de réglementation.  |c Jean-Jacques Laffont 
520 |a Rozhodujúca úloha nabádania dosiaľ nebola prítomná v ekonomike. Tradičné teórie a nová ekonomika riadenia. Riadenie maximálnymi cenami. Teoretické zhodnotenie. Realita mechanizmov maximálnych cien. Liberalizácia a privatizácia. Nástroje konkurencie. (Communications et stratégies 1992, č.4). 
610 2 0 |a teória riadenia 
610 2 0 |a teórie ekonomické 
610 2 0 |a riadenie 
610 2 0 |a ceny 
610 2 0 |a privatizácia 
610 2 0 |a liberalizácia 
610 2 0 |a konkurencia 
100 1 |a Laffont, Jean-Jacques